[Event "70th RUS-ch Women Superfinal 2020"]
[Site "Moscow"]
[Date "2020.12.09"]
[Round "5.1"]
[White "Getman, Tatyana"]
[Black "Kosteniuk, Alexandra"]
[Result "0-1"]
[WhiteElo "2303"]
[BlackElo "2471"]
[Annotator "Cé.Ha."]
[PlyCount "70"]
[EventDate "2020.??.??"]

1. Nf3 Nf6 2. c4 e6 3. Nc3 d5 4. d4 dxc4 5. e4 b5 (5... Bb4 6. Bg5 c5 7. Bxc4
cxd4 8. Nxd4 Bxc3+ 9. bxc3 Qa5 10. Bb5+ Nbd7 11. Bxf6 Qxc3+ 12. Kf1 gxf6 13. h4
a6 14. Rh3 Qb4 15. Be2 Ne5 16. Rb1 Qd6 17. Rc3 b5 18. Qc2 Bb7 19. Rd1 Qb6 20.
f4 Ng6 21. f5 Nf4 22. fxe6 fxe6 23. Qc1 Nxe2 24. Nxe2 Rg8 25. Rcd3 Bxe4 26. Rd6
Qb7 27. Rxe6+ {een opening waar men zich niet mag vergissen of het is vlug uit.
}) 6. e5 Nd5 7. Nxb5 Nb6 8. Be2 Be7 (8... Nc6 9. O-O) 9. O-O Nc6 10. Qd2 (10.
Be3 O-O 11. Rc1 Ba6) 10... O-O 11. Qf4 Ba6 (11... Rb8 12. Qg3 (12. Nc3 f5 13.
Qg3 Kh8 14. Rd1 Nb4 15. b3 cxb3 16. axb3 a6 17. Bc4 Nc2 18. Ra2 Nb4 19. Ra1 Nc2
20. Ra2 Nb4 21. Re2 a5 22. d5 exd5 23. e6 Bd6 24. Qh3 Qf6 25. Nb5 dxc4 26. Nxd6
cxd6 27. e7 Re8 28. Ng5 Qg6 29. Rxd6 f4 30. Qh4 Qb1 31. Re1 Bf5 32. Rd8 Bg6 33.
Rxb8 Rxb8 34. Qxf4 Rg8 35. Nf7+ Bxf7 36. Qxf7 Nd7 37. e8=Q Nf6 38. Bg5 {1-0 
(38) Ding,L (2804)-Duda,J (2739) Batumi 2018}) 12... Kh8 13. Rd1 Nb4 14. Nc3)
12. Nc3 f5 13. exf6 Bxf6 14. Qe4 Nxd4 15. Nxd4 Bxd4 16. Qxe6+ Kh8 {(met
voordeel wit.)} 17. Bf3 $5 (17. Be3 Re8 18. Qf5 Bxe3 19. fxe3 Bb7 (19... Rxe3
$2 20. Bf3 Qd4 21. Kh1 (21. Bxa8 $2 Rf3+ 22. Kh1 Rxf5 23. Rxf5 {gelijk.}) 21...
Re5 22. Qf7 Rg8 23. Qxc7 {met duidelijk voordeel voor wit.})) 17... Rb8 18. Rd1
c5 19. Qg4 $2 (19. Be3 Bb7 20. Bxb7 Rxb7 21. a4 a5) 19... Nd7 20. Bf4 $2 (20.
Rxd4 $15 cxd4 21. Qxd4) 20... Rxb2 {(En de witte problemen verdubbelen!)} 21.
Ne2 Nf6 22. Qh4 Re8 $2 {(Zie diagram)} ({Zwak! Zwart laat een winstkans
glippen! direct de druk opdrijven was aangewezen voor winst.} 22... c3 $1 23.
Nxd4 cxd4 24. Bc1 Rb8 (24... Rb6)) 23. Be3 $1 c3 {(Te laat. Het mooie voordeel
is weg nu.)} 24. Nxd4 cxd4 25. Bxd4 $4 (25. Qxd4 Qa5 26. Rac1 Be2 27. Bxe2 Rxe2
28. Qxc3 Qxc3 29. Rxc3 Rxa2 {en gelijk.}) 25... c2 26. Rdc1 (26. Bxb2 $4) 26...
g5 $1 27. Bxf6+ $2 (27. Qg4 Bc8 28. Bxb2 Bxg4 29. Bxg4 {wit kan nog spartelen.}
) 27... Qxf6 28. Qa4 Rf8 29. Re1 Bd3 30. Rac1 Rb1 31. Qa3 Bg6 32. h3 Rfb8 33.
g3 Rxc1 34. Rxc1 Qb2 35. Qxb2+ Rxb2 0-1

[Event "70th RUS-ch Women Superfinal 2020"]
[Site "Moscow"]
[Date "2020.12.10"]
[Round "6.5"]
[White "Shuvalova, Polina"]
[Black "Pogonina, Natalija"]
[Result "1-0"]
[WhiteElo "2454"]
[BlackElo "2475"]
[Annotator "Cé.Ha."]
[PlyCount "137"]
[EventDate "2020.??.??"]

1. d4 Nf6 2. c4 e6 3. g3 d5 4. Bg2 Bb4+ (4... Be7 5. Nf3 O-O 6. O-O) 5. Nc3 O-O
6. Nf3 dxc4 7. O-O Nc6 8. Qa4 (8. a3 Be7 9. e4 Na5 10. Be3 c6 11. Qe2 b5) 8...
Bd6 (8... Nd5 9. Qc2 Be7 10. Rd1 Ncb4 11. Qd2 c5 12. dxc5 Qc7 13. a3 Na6 14.
Qc2 Nxc5 15. Nxd5 exd5 16. Bf4 Qb6 17. Rxd5 Be6 18. Ng5 Bxg5 19. Rxg5 f6 20.
Rh5 g6 21. Rh6 Kg7 22. Rh4 Rf7 23. Bh6+ Kg8 24. Be3 Qb3 25. Qxb3 Nxb3 26. Rd1
Re7 27. Re4 Kf7 28. Rd6 f5 29. Rexe6 Rxe6 30. Bd5 Rae8 31. Bxc4 {1-0 (31)
Dubov,D (2690)-Najer,E (2661) Moscow 2019}) 9. Qxc4 a6 10. Rd1 Qe8 11. Bg5 (11.
Ng5 e5 12. dxe5 Nxe5 13. Qd4 Nc6 14. Qd3 {en wit iets beter.}) 11... Nd5 12.
Ne4 Be7 $5 (12... f5 13. Nxd6 cxd6 {brengt evenwicht.}) 13. Bxe7 Qxe7 (13...
Ncxe7 14. Qc2 a5 15. Nc3 Nxc3 16. Qxc3 Nd5 17. Qc2 Qe7 18. Rac1 c6 {wit plus.})
14. Rac1 Rd8 15. a3 Bd7 16. Nc5 Rab8 17. b4 h6 18. h4 Be8 19. e3 {(Zie diagram)
} (19. e4 {kon ook en was iets sterker en dapperder.} Nb6 (19... Nf6 20. Re1
Na7 21. Qb3 {en wit plus.}) 20. Qb3 Rd6 21. d5 exd5 22. exd5 Ne5 (22... Na7 23.
a4) 23. Nxe5 Qxe5 24. Re1) 19... Na7 (19... b5 20. Qb3 a5 21. e4 Nf6 (21... Nb6
22. Bf1) 22. Qc3 {en wit plus.} (22. Rd2)) 20. Ne5 Nb5 21. Qb3 (21. a4 Na7 {
wit duidelijk plus.}) 21... c6 22. Be4 (22. a4 Nd6) 22... Nbc7 23. Bb1 (23. Qd3
Nb5) 23... f6 24. Nc4 (24. Ng6 Bxg6 25. Bxg6 f5 26. e4 fxe4 27. Bxe4 Nf6 28.
Bg2 {wit plus.}) 24... b6 25. Nd3 Bh5 26. Re1 Nb5 27. Nd2 (27. a4 {is weer
sterker.}) 27... Be8 28. a4 Na7 29. e4 Nc7 30. Qc3 a5 31. bxa5 b5 32. e5 f5 $1
(32... fxe5 $2 33. Nxe5 {en wit dreigt te winnen.}) 33. axb5 Naxb5 {(En zwart
heeft er zich deftig uitgeworsteld.)} 34. Qc5 Qxc5 35. Nxc5 Nxd4 36. Bd3 Rd5 (
36... Rb2 $1 37. Nc4 Rb5 38. Nd6 Rxa5 {gelijk.}) 37. Kg2 Ra8 $5 ({Met} 37...
Bh5 {houdt zwart gelijke tred.} 38. a6 Rb2 39. Nc4 Rb5 40. Nb7 Bf3+ 41. Kh3
Nxa6 {gelijk.}) 38. a6 Ndb5 39. Ndb3 Nxa6 40. Bc4 $1 Nxc5 (40... Rdd8 $4 41.
Nxe6 Rdb8 42. Nc7+ {zwart in rouw.}) 41. Nxc5 Rd2 (41... Rxc5 $4) 42. Bxe6+ Bf7
43. Bxf5 Raa2 44. Rf1 Bd5+ 45. Be4 Nc7 46. Rc3 (46. Bxd5+ Nxd5 47. Rce1 $1) (
46. Kf3 Ra3+ 47. Kg4 Rd4 48. f3 {en wit plus.}) 46... Re2 47. Kf3 Bxe4+ 48.
Nxe4 Ne6 49. Rd1 c5 50. Re3 $1 (50. Nxc5 $4 Nxc5 51. Rxc5 Rxf2+ 52. Ke4 Rae2+
53. Kd3 Ra2 {en zwart komt weer tot leven.}) 50... Nd4+ 51. Kg4 Rec2 {
(vergroot de kloof!)} (51... Nc6 52. Rxe2 (52. Nxc5 $2 Nxe5+ 53. Kf5 Rxe3 {
iminder.}) 52... Rxe2 53. Kf4 {en wit op winstkoers.}) 52. h5 Ra4 53. f4 Kf7
54. Rb1 Rb4 55. Ra1 {(wit is niet van plan zwart nog kansen te gunnen.Opgave
is aangewezen.)} Nb5 56. Ra6 (56. Nd6+ Nxd6 57. exd6 Rb7 58. Rd1 Rd7 59. Re5 c4
{wit voor winst.}) 56... Ke7 57. Rg6 Kf8 58. Rb6 (58. e6 Ke7 59. Rxg7+ Kxe6 60.
Nc3+ Kd6 61. Rg6+ Kd7 62. Nd5) 58... Nd4 59. Nxc5 $1 Rxb6 (59... Rxc5 60. Rxb4)
60. Nd7+ Ke7 61. Nxb6 Rc5 62. Rd3 Ne6 63. Rd7+ Kf8 64. Rd6 Kf7 65. Nd5 Ra5 66.
Rd7+ Kf8 67. Nc7 Nc5 68. Rd5 (68. Rd8+ Ke7 69. Rd5 Nb7 70. Rxa5 Nxa5 71. Kf5)
68... Ke7 69. Kf5 1-0

[Event "73rd RUS-ch Superfinal 2020"]
[Site "Moscow"]
[Date "2020.12.12"]
[Round "7.1"]
[White "Nepomniachtchi, Ian"]
[Black "Karjakin, Sergey"]
[Result "1-0"]
[WhiteElo "2784"]
[BlackElo "2752"]
[Annotator "Cé.Ha."]
[PlyCount "63"]
[EventDate "2020.??.??"]

1. d4 Nf6 2. c4 e6 3. Nc3 Bb4 4. f3 (4. e3 O-O 5. Bd3 d5 6. Nf3 c5 7. O-O) 4...
d5 5. a3 Be7 (5... Bxc3+ 6. bxc3 c5 7. cxd5 Nxd5 8. dxc5 Qa5 9. e4 Ne7 10. Be3
O-O 11. Qb3 Qc7 12. Bb5 Nec6 13. Ne2 Na5 14. Qb4 e5 15. O-O Na6 16. Bxa6 bxa6
17. Rab1 Be6 18. c4 Nxc4 19. Bf2 Rab8 20. Qc3 Rxb1 21. Rxb1 Rb8 22. Rxb8+ Qxb8
23. Qb4 Qd8 24. Nc3 h5 25. c6 Qd3 26. Nd5 Bxd5 27. exd5 Nd2 28. Kh1 Qf1+ 29.
Bg1 Nxf3 30. Qb8+ Kh7 31. Qxa7 Qc4 32. Qc5 {1-0 (32) Geirnaert,S (2435)
-Maerevoet,S (2383) Bruges 2020}) 6. e4 dxe4 7. fxe4 c5 (7... e5 8. d5 Bc5 9.
Nf3 Bg4 10. h3 Bxf3 11. Qxf3 Nbd7 12. Bd3 c6 13. Bd2 O-O 14. O-O-O) 8. d5 exd5
9. exd5 O-O 10. Be2 Re8 11. Nf3 Bg4 12. O-O Nbd7 13. d6 Bf8 14. h3 (14. Nb5 Re6
15. Bf4 Nh5 16. Bg5 Qb8 17. h3 Ng3 18. Bd3 Bh5 19. Re1 Rxe1+ 20. Qxe1 Bxd6 21.
Nxd6 Qxd6 22. Rd1 Qc7 23. Bh4 Bxf3 24. Bxg3 Qb6 25. gxf3 Qxb2 26. Bxh7+ Kxh7
27. Rxd7 Kg8 28. Qe3 Qb1+ 29. Kg2 Qa2+ 30. Bf2 Qxc4 31. Qxc5 Qe6 32. Rxb7 Qg6+
33. Kh2 Qf6 34. Kg2 Qg6+ 35. Kh2 Qf6 36. Qe3 Qc6 37. Rxa7 Re8 38. Qf4 Qd5 39.
Rc7 Ra8 40. a4 Qa2 41. Qh4 Qd2 42. Kg2 Qd6 43. Rc4 f5 44. Qd4 Qe6 45. Rc7 Qg6+
46. Kh2 {1-0 (46) Galliamova,A (2438)-Girya,O (2464) Moscow 2020}) 14... Bh5
15. Bf4 (15. Nb5 Qb6 16. Nc7 Bxd6 17. Nxa8 Rxa8 18. Nh4) 15... Qb6 16. b3 (16.
Qd2 Rad8 17. Rad1 (17. Rae1) 17... Bg6) 16... Rad8 17. Ra2 h6 18. a4 Bxf3 $6 (
18... Ne4 19. Nd5 Qc6 20. Nh4 Bxe2 21. Rxe2 Ndf6 {blijft gelijk.}) 19. Bxf3 Ne5
20. Nb5 $1 Bxd6 $2 {(Zie diagram)(Zwart gaat in de fout. De dame geraakt
helemaal opgesloten. Dat zal gevolgen hebben.)} (20... Nxf3+ 21. Qxf3 Qc6 22.
Qxc6 bxc6 23. Nxa7 Bxd6 24. Nxc6 Bxf4 25. Rxf4 Rd1+ 26. Rf1 Rd7 (26... Rd6 27.
Na7 $1 {en wit plus.}) 27. b4 cxb4 28. Nxb4 {wit iets beter.}) (20... a6 $2 21.
a5 Nxf3+ 22. Qxf3 Qc6 23. Qxc6 bxc6 24. Nc7 Re4 25. Nxa6 {wit wint.}) (20...
Rd7 21. a5 Nxf3+ 22. Rxf3 Qd8 23. a6 g5 24. Bh2 bxa6 25. Rxa6 Re6 26. Rd3 {en
het is niet zo zeker of wit hier iets van kan maken.}) 21. a5 Qa6 22. Rd2 $1
Nxf3+ 23. Rxf3 Ne4 24. Nxd6 $1 Nxd2 25. Qxd2 Re6 26. Rd3 b6 27. Nf5 Rxd3 28.
Qxd3 Qb7 {(Zwart probeert de dame terug in actie te brengen maar wordt fijn
gecounterd.)} 29. Qd5 $1 Qxd5 (29... Qc8 30. Be5 $1 g6 31. Nxh6+ Kf8 32. Ng4
Ke7 33. Bc3 f6 34. Qd3 f5 35. Ne5 Qc7 36. Qe3 {en zwart slaagt er niet in de
gaten te dichten.}) 30. cxd5 Re1+ (30... Re8 31. Bc7 Kf8 32. d6) (30... Rf6 31.
g4 Kf8 32. Kg2 bxa5 33. Bd6+ Ke8 34. Nxg7+ Kd7 35. Bxc5 Ra6 36. Kf3 a4 37. bxa4
Rxa4 38. Nh5 Kd8 39. Nf6 Ra1 40. Ke4 a5 41. d6 Rb1 {(belet d7 gevolgd door Lb6}
42. h4 a4 43. h5 $1 a3 (43... Rb5 44. g5 $1 hxg5 45. Kd5) 44. Bxa3 Rf1 45. Bb2
{en uit.}) 31. Kf2 Rd1 32. Ke2 (32. Ke2 {de pion viel niet te stoppen.} Rxd5
33. Ne7+) 1-0

[Event "VII Sunway Sitges Open 2020"]
[Site "Sitges"]
[Date "2020.12.13"]
[Round "1.23"]
[White "Dardha, Daniel"]
[Black "Sanchez Lopez, Juan Manuel"]
[Result "1-0"]
[WhiteElo "2487"]
[BlackElo "2085"]
[Annotator "Cé.Ha."]
[PlyCount "41"]
[EventDate "2020.??.??"]

1. Nf3 Nf6 2. c4 c5 3. Nc3 e6 4. g3 b6 5. Bg2 Bb7 6. O-O Be7 7. Re1 (7. d4 cxd4
8. Qxd4 d6 9. Rd1 a6 10. b3 Nbd7 11. e4 Qc8 12. Bb2 O-O 13. Qe3 Re8 14. h3 Qc7
15. Rac1 Rac8 16. g4 Ne5 17. Nd4 Qb8 18. a4 Nfd7 19. g5 Ng6 20. Qg3 Nc5 21. b4
Nd7 22. Nb1 Bd8 23. h4 Bc7 24. h5 d5 25. Qc3 Nf4 26. Re1 Be5 27. Nd2 dxc4 28.
Bf1 Nxh5 29. Qf3 Bh2+ 30. Kh1 Bf4 31. Rcd1 g6 32. Nxc4 Ne5 33. Nxe5 Qxe5 34.
Bh3 Qxg5 35. Rg1 Qh4 36. Rg4 Qf6 37. Rg2 Qe5 38. Re1 Nf6 39. Nxe6 Qxb2 40. Nxf4
Rxe4 41. Kh2 Rd8 42. Re3 Qe5 {0-1 (42) Hausrath,D (2502)-Grooten,H (2374)
Vlissingen 2018}) 7... O-O 8. e4 d5 $5 {(Zie diagram)(Hier mist zwart al, wat
tot een langdurige spanning zal leiden en wit haalt de bovenhand.)} (8... d6 9.
d4 cxd4 10. Nxd4 Qc8 11. Be3 a6) 9. exd5 exd5 10. Nh4 Qd7 (10... Re8 11. cxd5
Nxd5 12. Nf5 Nxc3 13. Qg4 g6 14. Bxb7 {1-0 (14) Hanssen,G (2242)-Flermoen,P
Tromsoe 2007}) 11. cxd5 Nxd5 $2 12. Qf3 $1 Bxh4 13. gxh4 Na6 14. Nxd5 Rae8 15.
Rd1 Ba8 16. Qh5 $1 f6 17. d4 g6 18. Qf3 Kg7 $2 (18... Nb4 19. Nxf6+ Rxf6 20.
Qxf6 Bxg2 21. Bh6) 19. dxc5 Rd8 20. Bf4 Qf5 21. Bd6 (21. Bd6 Rxd6 (21... Rfe8
22. Qc3 Re2 23. Nf4 Ree8 24. Bxa8 Rxa8 25. Rd5 (25. c6 Re4 26. Qg3) 25... Qg4+
26. Kh1 {zwart geraakt er niet meer uit.}) 22. Qxf5 gxf5 23. cxb6 axb6 24. Nf4
Rxd1+ 25. Rxd1 Rg8 26. Rd6 Nc5 27. b4 Ne4 28. Rxb6 Nd2 29. Rd6 Nf3+ 30. Bxf3
Bxf3 31. h3) 1-0

[Event "VII Sunway Sitges Open 2020"]
[Site "Sitges"]
[Date "2020.12.15"]
[Round "3.2"]
[White "Dardha, Daniel"]
[Black "Cheparinov, Ivan"]
[Result "0-1"]
[WhiteElo "2487"]
[BlackElo "2688"]
[Annotator "Cé.Ha."]
[PlyCount "90"]
[EventDate "2020.??.??"]

1. Nf3 c5 2. e4 d6 3. Bb5+ Nd7 4. d4 (4. O-O a6 5. Bd3 Ngf6 6. Re1 e6 7. c3 b5
8. Bc2 c4 9. a4 Bb7 10. d4 cxd3 11. Qxd3 Nc5 12. Qe2 bxa4 13. e5 dxe5 14. Nxe5
Qd5 15. f3 Bd6 16. Nd2 Bxe5 17. Qxe5 Qxe5 18. Rxe5 Nfd7 19. Rh5 f5 20. Nc4 O-O
21. Na5 Rab8 22. Rh4 Ba8 23. Rb4 Rb5 24. Nc4 Rfb8 25. Bd2 Bd5 26. Bxa4 Rxb4 {
0-1 (26) Arjun,K (2482)-Harsha,B (2489) Barcelona 2019}) 4... cxd4 5. Qxd4 a6
6. Bxd7+ Qxd7 (6... Bxd7 7. c4 Nf6 8. Bg5 e6 9. Nc3 Be7 10. O-O Bc6 11. Qd3 O-O
) 7. c4 e5 8. Qd3 f5 9. Nc3 Nf6 10. O-O (10. Bg5 Be7 11. Bxf6 Bxf6 12. O-O O-O
13. Nd5 Bd8 14. Nd2 f4 15. Rac1 b5 16. c5 dxc5 17. Rxc5 Kh8 18. Nf3 Qd6 19.
Rfc1 Bb7 20. Qc3 Bf6 21. Qa5 Rac8 22. b4 Bd8 23. Qa3 Bf6 24. Qc3 h6 25. Nxf6
gxf6 26. Nh4 Rg8 27. Nf5 Qe6 28. f3 h5 29. Rc2 Rxc5 30. bxc5 Bc6 31. Rd2 Qc4
32. Qxc4 bxc4 33. Ne7 c3 34. Rc2 Rb8 35. Rxc3 Rb1+ 36. Kf2 Bb5 37. g3 Rb2+ 38.
Ke1 Rxh2 39. gxf4 h4 40. c6 h3 41. c7 Bd7 42. c8=Q+ Bxc8 43. Rxc8+ Kh7 44. Nf5
Rg2 45. Rc7+ Kh8 46. Kf1 exf4 47. Rc8+ Kh7 48. Rc7+ Kh8 49. Rf7 Rg6 50. Nh4 Rg5
51. Rxf6 Rh5 52. Kg1 Rxh4 53. Kh2 a5 54. Rg6 Rh5 55. Rg4 Rb5 56. Kxh3 Rb2 57.
Rxf4 Rxa2 58. Rf7 a4 59. Ra7 a3 60. Kg4 Ra1 61. Kf5 a2 62. f4 Kg8 63. e5 Kf8
64. e6 Kg8 65. Kf6 Rf1 66. Ra8+ Kh7 67. Rxa2 Rxf4+ 68. Ke7 Kg6 69. Rg2+ Kf5 70.
Re2 Kg6 71. Ke8 Ra4 72. e7 Kf6 73. Kf8 {1-0 (73) Dardha,D (2449)-Edouard,R 
(2649) Europe Echecs INT 2020}) 10... fxe4 11. Nxe4 b5 12. b3 (12. c5 Nxe4 13.
Qxe4 Bb7 14. Qe3 Qg4 15. h3 Qe4 16. Qxe4 Bxe4 17. Ng5 Bb7 18. Be3 Rc8 19. f4 h6
20. Ne6 Ke7 (20... Kf7 $2 21. Nxf8 Rhxf8 22. fxe5+ Ke7 23. exd6+ Kd7 {wit wint.
}) 21. Nxf8 {gelijk.}) 12... Bb7 13. Nfd2 (13. Nfg5 Be7 14. Rd1 Nxe4 15. Nxe4
Qg4 16. f3 {gelijk.}) 13... Rd8 14. Bb2 Qc6 15. Rfe1 (15. Nxf6+ gxf6 16. Qh3 {
gelijk.}) 15... Be7 16. Rac1 O-O 17. cxb5 Qxb5 18. Qxb5 axb5 19. Rc7 $1 Bxe4
20. Nxe4 (20. Rxe7 Bd3 21. Rc1 Nd5 22. Ra7 Rf7 23. Rxf7 Kxf7 {zwart miniem
beter.}) 20... Rfe8 (20... Nxe4 21. Rxe4 Bg5 (21... Bf6 22. Re2) 22. Re2 {
gelijk.}) 21. g3 Rc8 22. Rxe7 $4 {(Zie diagram)(Wie begrijpt dat?)} (22. Rec1
Rxc7 23. Nxf6+ gxf6 24. Rxc7 d5 25. a3 (25. a4) 25... Kf7 26. Kf1 Ra8 27. Ke2
Ke6 28. b4 {gelijk.}) (22. Nxf6+ Bxf6 23. Rec1 {gelijk.}) 22... Rxe7 23. Nxd6
Rc2 24. Rxe5 Rxe5 25. Bxe5 b4 26. Nf5 Kf7 27. Bd6 Nd5 28. Ne3 (28. Nd4 Rxa2 29.
h4 {zwart plus}) 28... Nxe3 29. fxe3 Rxa2 30. Bxb4 h5 31. h4 {(en dit moet
verliezen.)} Ke6 32. e4 $2 (32. Bc3 g6 33. Bd4 Kd5 34. b4 {biedt grootste
weerstand, maar toch...}) 32... Rb2 33. Bf8 Rxb3 34. Kf2 Rb7 $1 35. Bc5 Ke5 36.
g4 Rb2+ 37. Kf3 Rb3+ 38. Kg2 hxg4 39. h5 Kxe4 40. Bf8 Kf4 41. Bxg7 Rg3+ 42. Kf2
Rf3+ 43. Kg1 Rd3 44. h6 Kf3 45. h7 Rd1+ 0-1

[Event "VII Sunway Sitges Open 2020"]
[Site "Sitges"]
[Date "2020.12.16"]
[Round "4.18"]
[White "Antova, Gabriela"]
[Black "Dardha, Daniel"]
[Result "1-0"]
[WhiteElo "2247"]
[BlackElo "2487"]
[Annotator "Cé.Ha."]
[PlyCount "91"]
[EventDate "2020.??.??"]

1. d4 Nf6 2. c4 e6 3. Nf3 d5 4. Nc3 Bb4 5. Bg5 h6 6. Bxf6 Qxf6 7. e3 O-O 8. Rc1
dxc4 9. Bxc4 c5 10. O-O cxd4 11. Ne4 Qf5 12. Ng3 Qa5 13. Nxd4 Bd7 14. a3 Be7 $1
15. Ba2 Rd8 $15 16. Qc2 Nc6 17. Bb1 g6 18. Nb3 Qb6 19. Ne4 Rac8 20. Nbc5 Bxc5 (
20... Be8 {was beter. Afwachten en houdt het loperpaar.}) 21. Nxc5 Ne7 22. b4
Bc6 23. h4 Qc7 (23... Bb5 24. Rfd1 Qc7 25. Qb3 b6 26. Nxe6 Rxd1+ 27. Rxd1 fxe6
28. Qxe6+ Kg7 29. Rd6 Be8 {en gelijk.}) 24. Qb2 Qd6 25. h5 $1 b6 (25... gxh5 $2
26. Ne4 Bxe4 27. Bxe4 Nd5 28. Bf3) 26. Ne4 Bxe4 27. Bxe4 f5 (27... gxh5 28.
Rxc8 Nxc8) 28. Bf3 Kf7 29. Rxc8 Rxc8 30. Rd1 Qc7 31. hxg6+ Kxg6 (31... Nxg6 32.
Qd4 Kg8 {wit duidelijk plus.}) 32. Qd4 (32. e4 Kg5 33. exf5 Nxf5 34. Qe2 Kf6
35. Re1 Qd6 36. Bg4 {en wit blijft beter.}) 32... Ng8 33. e4 Nf6 34. e5 Nh7 $1
35. Qh4 Ng5 36. Bh5+ $1 Kh7 {(Zwart onder druk.)} 37. Rd6 ({sterker:} 37. f4 $1
Ne4 38. Bf3 Rg8 39. Kh2 Rg7 40. Bxe4 fxe4 41. Qe1 Qc2 42. Rd2 Qc4 43. Qe3 {en
wit plus.}) 37... Rd8 $2 {(Zie diagram)(Slechte zet. Er was juist kans om een
beetje te ontsnappen aan de witte druk:)} (37... Qc1+ 38. Kh2 Rc7 39. Qd4 Ne4
40. Rd7+ Kh8 41. Rxc7 Qxc7 42. Bf3 Ng5 43. Bd1 Qe7 {wit een weinig beter.}) (
37... Rg8 38. f4 Ne4 39. Rd3 a5 40. bxa5 bxa5 41. Kh2 Qc6 42. Bf3 Rg7 {en niks
aan de hand.}) 38. f4 $1 Rxd6 39. exd6 Qc1+ $2 (39... Qc4 40. Qg3 Qd4+ 41. Kh2
Qxd6 42. fxg5 Qxg3+ 43. Kxg3 hxg5 {en het blijft moeilijk voor zwart.}) 40. Kh2
Qd2 41. fxg5 Qxd6+ 42. Kh3 hxg5 (42... Kg7 43. gxh6+ Kxh6 44. Bf3+ Kg6 45. Qh5+
Kg7 {en daar geraakt zwart niet meer uit.}) 43. Qxg5 Qd3+ 44. Qg3 (44. Kh2 Qd7
45. Qg6+ Kh8 46. Kh3) 44... Qf1 (44... Qxg3+ 45. Kxg3 Kg7) 45. Qg6+ Kh8 46.
Qf6+ {en mat in 4} 1-0

[Event "VII Sunway Sitges Open 2020"]
[Site "Sitges"]
[Date "2020.12.22"]
[Round "9.10"]
[White "Dardha, Daniel"]
[Black "Lopez Martinez, Josep Manuel"]
[Result "1-0"]
[WhiteElo "2487"]
[BlackElo "2542"]
[Annotator "Cé.Ha."]
[PlyCount "83"]
[EventDate "2020.??.??"]

1. d4 Nf6 2. c4 g6 3. d5 $1 (3. Nc3 Bg7 4. e4 d6 5. Nf3 O-O 6. Be2 e5 7. O-O)
3... Bg7 4. Nc3 O-O (4... d6 5. e4 O-O 6. Be2 e6 7. Nf3 exd5 8. exd5 Na6 9. Bg5
h6 10. Be3 Re8 11. Bd4 Bg4 12. O-O Ne4 13. Rc1 Bxf3 14. Bxf3 Nxc3 15. Rxc3 Qh4
16. Bxg7 Kxg7 17. b4 Nxb4 18. Qb3 a5 19. a3 Na6 20. Qxb7 Reb8 21. Qc6 Qd8 22.
Qa4 Nc5 23. Qc2 Qf6 24. Re1 a4 25. Rce3 Rb2 26. Qc3 Qxc3 27. Rxc3 Rab8 28. Bd1
Rd2 29. Kf1 Nd3 30. Re3 Rb1 {0-1 (30) Nalbandian,T (2471)-Petrosian,T (2623)
Yerevan 2009}) 5. Nf3 d6 6. e4 e6 (6... c6 7. Be2 Nbd7 8. O-O) 7. dxe6 fxe6 8.
e5 $1 dxe5 9. Nxe5 (9. Qxd8 Rxd8 10. Nxe5) 9... Qxd1+ 10. Nxd1 Ne4 11. Nd3 Nc6
12. Be3 (12. f3 $5 Nd6 13. c5 Nf5) 12... b6 13. g3 Nd4 (13... Na5 14. Bg2 Bb7
15. O-O) (13... Bb7 14. Bg2 Na5 15. O-O Nxc4 16. Rc1 Nxe3 17. Nxe3 c5 18. b4 $1
Rae8 {gelijk.}) 14. Bxd4 Bxd4 15. Bg2 Bb7 16. O-O Nd6 17. Bxb7 (17. Re1 Rad8
18. Bxb7 Nxb7 19. Rxe6 Bg7 20. Nf4 Rd2 {gelijk.}) (17. Rc1 Bxg2 18. Kxg2 Rad8 {
gelijk.}) 17... Nxb7 18. Re1 Rae8 19. Ne5 Nc5 20. Rb1 a5 (20... Rd8 21. b4 Bxe5
22. Rxe5 Nd3 23. Rxe6 Nxb4 24. Nc3) 21. Re2 Kg7 22. Kg2 Bxe5 23. Rxe5 Rd8 24.
Re2 Rd4 25. b3 Rd3 26. Nb2 Rdf3 27. Rd1 e5 28. Rdd2 (28. Rd5 e4 29. Na4 Nd3 30.
Rd7+ Kh6 {gelijk.}) 28... e4 29. Nd1 Rd3 30. Rxd3 exd3 31. Re3 Rd8 32. Kf1 Kf6
33. Ke1 Rd4 34. Nc3 a4 $1 35. b4 $1 (35. bxa4 Rxc4 36. Kd2 {met licht zwarte
druk.}) 35... Nd7 $2 {(Zie diagram)(Het lijkt een logische zet maar het paard
hobbelt de verkeerde kant op. Er volgt grote spanning op het bord en Daniël
werkt het mooi af.)} (35... Nb7 36. Nd5+ Kg5 37. f3 (37. Nxc7 Rxc4 38. Nd5 Rd4
39. Nxb6 Rxb4 40. Nd5 Rb1+ 41. Kd2 Rb2+ 42. Kxd3 Rxf2 43. Re5+ Kg4 44. Re7 Nd6
45. Rxh7 Rxa2 46. Nc3 Ra3 47. Rh4+ Kf3 48. Rxa4 Rxa4 49. Nxa4 Ne4 50. Nb6 Nf2+
51. Kd4 Ng4 52. h3 Nf2 53. Nd7 Kxg3 54. h4 Kxh4 55. Ne5 g5 56. Nf3+ Kg4 57.
Nxg5 Kxg5 {remise}) 37... Nd6 38. Nxc7 Nxc4 39. Ne6+ Kf6 40. Nxd4 Nxe3 41. Kd2
Nf1+ 42. Kxd3 Nxh2 43. Ke2 Ke5 44. Nb5 {wit plus.}) 36. Nd5+ Kf5 37. Kd2 c6 $1
38. Ne7+ Kf6 $2 (38... Kg4 39. Nxc6 (39. Rxd3 Rxd3+ 40. Kxd3 c5 41. bxc5 bxc5
42. Ke4 Kh3 43. Kd5 Kxh2 44. Kc6 Nb8+ 45. Kxc5 Kg2 46. g4 Kf3 (46... Kxf2 $2
47. g5 Na6+ 48. Kb6 Nb8 49. c5 Nd7+ 50. Kc6 Nxc5 51. Kxc5 Kg3 52. Ng8 Kf4 53.
Nf6 Kxg5 54. Nxh7+ Kh6 55. Nf6 Kg5 56. Ng8 Kh5 57. Kb4 g5 58. Nf6+ Kh6 59. Kxa4
{en wit wint.})) 39... Rxc4 40. Rxd3 Rxc6 41. Rxd7 {lichte voorsprong wit,
maar niet duidelijk.}) 39. Nxc6 Rxc4 40. Rxd3 Kg5 (40... Rxc6 41. Rxd7 h5 42.
b5 Re6 (42... Rc5 43. Rd6+) 43. Rd4 a3 44. Rd3 Re4 45. Rf3+ Kg5 46. h4+ Kg4 47.
Rxa3 {en wit naar winst.}) (40... Ne5 $2 41. Rd6+ Kf5 42. Nxe5 Kxe5 43. Rxb6 {
wit wint.}) 41. Rxd7 Rxc6 42. Rxh7 {(Verstandige opgave.)} 1-0

[Event "VII Sunway Sitges Open 2020"]
[Site "Sitges"]
[Date "2020.12.23"]
[Round "10.3"]
[White "Grigoryan, Karen H"]
[Black "Dardha, Daniel"]
[Result "1/2-1/2"]
[WhiteElo "2659"]
[BlackElo "2487"]
[Annotator "Cé.Ha."]
[PlyCount "120"]
[EventDate "2020.??.??"]

1. d4 Nf6 2. c4 e6 3. Nc3 Bb4 4. Qc2 (4. e3 O-O 5. Bd3 d5 6. Nf3 c5 7. O-O)
4... d5 5. cxd5 Qxd5 (5... exd5 6. Bg5 h6 7. Bh4 c5 8. dxc5 g5 9. Bg3 Ne4 10.
e3 Qa5 11. Nge2 Bf5 12. Be5 O-O 13. Nd4 Re8 14. Bxb8 Nxc3 15. Nxf5 Ne4+ 16. Kd1
Raxb8 17. f3 Rbc8 18. fxe4 dxe4 19. Bc4 Qxc5 20. Bxf7+ Kxf7 21. Qxc5 Bxc5 22.
Rc1 h5 23. h3 {en wonder boven wonder gelijk.}) 6. Nf3 Qf5 7. Qb3 (7. Qxf5 exf5
8. a3 Be7 9. Bf4 c6 10. e3 Nbd7 11. Bc4 Nb6 12. Ba2 Be6 13. Bxe6 fxe6 14. Rc1
Nfd5 15. Ne2 O-O 16. O-O) 7... c5 8. a3 Ba5 9. Bd2 (9. Qc4 $5 Bxc3+ 10. Qxc3
Nbd7 11. g4 Qd5 12. Bg2 cxd4 13. Qxd4 Nc5 14. Qxd5 Nxd5 15. Nd4 Bd7 16. b4 Na4
17. e4 e5 18. Nf5 Bxf5 19. gxf5 Ndb6 20. f4 Nd7 21. Be3) 9... O-O 10. dxc5 Qxc5
11. Rc1 Ne4 12. e3 Rd8 13. Bc4 Nxd2 14. Nxd2 a6 15. Qc2 Qe7 16. b4 Bc7 17. Bd3
h6 18. Nd5 $1 Rxd5 19. Qxc7 Qxc7 20. Rxc7 Nc6 21. Ke2 Rd7 22. Rxd7 Bxd7 23. Nc4
Rd8 24. Rb1 Kf8 25. a4 Ke7 26. b5 axb5 27. axb5 Na7 28. b6 Nc6 29. f4 f6 30.
Nd2 Ra8 31. Rb2 g5 32. Nb3 gxf4 33. exf4 Ra3 34. Kd2 Kd6 35. Be4 Ra6 36. Nc1
Kc5 37. Ke3 Nb4 38. Bxb7 Rxb6 39. Nb3+ Kc4 40. Nd2+ Kb5 41. Bf3 Bc6 42. Rb3
Bxf3 43. Kxf3 f5 44. Kg3 Kc5 45. Kh4 Ra6 46. g3 Ra2 $1 47. Nf3 Nc6 48. Rd3 e5
$1 49. Rc3+ Kd5 50. fxe5 Nxe5 51. h3 Nxf3+ 52. Rxf3 Ke6 53. Kh5 Rh2 54. h4 Rh3
55. Ra3 Kf7 56. Kxh6 f4 $1 57. Ra7+ Kf6 58. Ra6+ Kf5 59. Ra5+ Kf6 60. Ra6+ Ke5
1/2-1/2